<?xml version="1.0" encoding="UTF-8"?>
<collection xmlns="http://www.loc.gov/MARC21/slim">
 <record>
  <leader>01367pamaa2200193   4500</leader>
  <controlfield tag="001">0000050331</controlfield>
  <controlfield tag="005">20121212090000.0</controlfield>
  <controlfield tag="008">120713s2011                             eng  </controlfield>
  <datafield tag="020" ind1="0" ind2="0">
   <subfield code="a">9781118054161 / 1118054164 </subfield>
  </datafield>
  <datafield tag="090" ind1="0" ind2="0">
   <subfield code="a">TK5105.15 </subfield>
   <subfield code="b">CAR 2011</subfield>
  </datafield>
  <datafield tag="100" ind1="1" ind2="0">
   <subfield code="a">Carne </subfield>
  </datafield>
  <datafield tag="245" ind1="1" ind2="0">
   <subfield code="a">Connections for the digital age : </subfield>
   <subfield code="b">multimedia communications for mobile, nomadic, and fixed devices  </subfield>
   <subfield code="c">E Bryan Carne.</subfield>
  </datafield>
  <datafield tag="260" ind1="0" ind2="0">
   <subfield code="a">Hoboken, N.J.: </subfield>
   <subfield code="b">Wiley, </subfield>
   <subfield code="c">2011.</subfield>
  </datafield>
  <datafield tag="300" ind1=" " ind2=" ">
   <subfield code="a">xiv, 259 p.: </subfield>
   <subfield code="b">ill.; </subfield>
   <subfield code="c">25 cm.</subfield>
  </datafield>
  <datafield tag="501" ind1="0" ind2="0">
   <subfield code="a">FOEIT</subfield>
  </datafield>
  <datafield tag="504" ind1="0" ind2="0">
   <subfield code="a">Includes bibliographical references and inde</subfield>
  </datafield>
  <datafield tag="505" ind1="0" ind2="0">
   <subfield code="a">&quot;Most notably used for computer screens and televisions, LCDs (liquid crystal displays) are a widely used technology. Providing both an historical and business-minded context, this extensive resource describes the unique scientific and engineering techniques used to create LCDs. The history of the science and technology behind the LCD is described in a prelude to the development of the device, presenting a rational development theme and pinpointing&#13;
 innovations. Additionally, the book illustrates how mathematics, physics, and chemistry are put to practical use in the LCDs we use everyday. Everyone from science students to engineers and product designers will find this engaging work valuable&quot;-- Provided by publisher</subfield>
  </datafield>
  <datafield tag="650" ind1="0" ind2="0">
   <subfield code="a">Multimedia communications </subfield>
  </datafield>
  <datafield tag="901" ind1=" " ind2=" ">
   <subfield code="u">www.wiley.com</subfield>
  </datafield>
 </record>
</collection>
